000
00305nam a22001457a 4500
008
210312b ||||| |||| 00| 0 eng d
020
_a
9780131786875
041
_a
eng
080
_a
94
082
_a
94
100
_a
19
101
_a
SHH
245
_a
The Jews - A History
_c
Efron,J
942
_2
udc
_c
BK
999
_c
56520
_d
56520